header

The Marxist and the movies (Record no. 130555)

MARC details
000 -LEADER
fixed length control field 02157nam a2200445 a 4500
082 04 - DEWEY DECIMAL CLASSIFICATION NUMBER
Classification number 808.2/3092
-- B
100 1# - MAIN ENTRY--AUTHOR NAME
Personal name Ceplair, Larry.
245 14 - TITLE STATEMENT
Title The Marxist and the movies
260 ## - PUBLICATION, DISTRIBUTION, ETC. (IMPRINT)
Place of publication Lexington :
Name of publisher University Press of Kentucky,
Year of publication c2007.
300 ## - PHYSICAL DESCRIPTION
Number of Pages xii, 327 p., [8] p. of plates :
Other physical details ill., ports.
490 1# - SERIES STATEMENT
Series statement Screen classics
505 0# - FORMATTED CONTENTS NOTE
Formatted contents note The early years, 1915-36 -- Screenwriting and communism, 1936-39 -- World War II, 1939-45 -- The Cold War in Hollywood, 1945-47 -- The interregnum, 1948-50 -- The blacklist expands, 1951-52 -- Salt of the earth, 1952-54 -- The black market and Khrushchev's speech, 1954-58 -- Europe, 1958-75 -- Political battles, 1958-75 -- Back in the USA, 1975-97.
650 #0 - SUBJECT ADDED ENTRY--TOPICAL TERM
Topical Term Screenwriters
Topical Term Motion picture industry
Topical Term Blacklisting of entertainers
Topical Term Communism and motion pictures
856 40 - ELECTRONIC LOCATION AND ACCESS
Uniform Resource Identifier http://site.ebrary.com/lib/rucke/Doc?id=10495370

No items available.

© 2026 Rongo University
Contact us: librarian | system librarian | Rongo university